[Event "AUT-ch Blitz"]
[Site "Innsbruck"]
[Date "2025.06.21"]
[Round "8"]
[White "Breneis, Lukas"]
[Black "Platzgummer, Fabian"]
[Result "0-1"]
[WhiteElo "2253"]
[BlackElo "2293"]
[PlyCount "84"]
[EventDate "2025.06.21"]
[EventType "swiss (blitz)"]
[EventRounds "11"]
[EventCountry "AUT"]
[SourceTitle "CB26_2025"]
[SourceDate "2025.06.25"]
[SourceVersion "1"]
[SourceVersionDate "2025.06.25"]
[SourceQuality "1"]

1. e4 c5 2. Nf3 a6 3. d4 cxd4 4. Nxd4 Nf6 5. Nc3 e5 6. Nde2 Nc6 7. g3 Bc5 8. Bg2 h6 9. 0-0 0-0 10. Nd5 Nxd5 11. Qxd5 d6 12. c3 Be6 13. Qd3 b5 14. b3 Qc7 15. Be3 Rfd8 16. Rad1 Qb6 17. Bc1 a5 18. Bb2 Qb7 19. Kh1 a4 20. b4 Bc4 21. Qf3 Bb6 22. a3 Ne7 23. Bc1 Rac8 24. Be3 Bxe3 25. fxe3 f6 26. Bh3 Rb8 27. Rf2 d5 28. Be6+ Kh8 29. exd5 Rd6 30. e4 Rbd8 31. Qg4 Qb6 32. Rdf1 Rxe6 33. Qxe6 Qxe6 34. dxe6 Bxe6 35. Nc1 Nc8 36. Re1 Nb6 37. Ree2 Rd1+ 38. Kg2 Rxc1 39. Rd2 Nc4 40. Rd8+ Kh7 41. Rb8 Nxa3 42. Rd2 Rc2 0-1

[Event "AUT-ch Blitz"]
[Site "Innsbruck"]
[Date "2025.06.21"]
[Round "10"]
[White "Dragnev, Valentin"]
[Black "Platzgummer, Fabian"]
[Result "1-0"]
[WhiteElo "2547"]
[BlackElo "2293"]
[PlyCount "43"]
[EventDate "2025.06.21"]
[EventType "swiss (blitz)"]
[EventRounds "11"]
[EventCountry "AUT"]
[SourceTitle "CB26_2025"]
[SourceDate "2025.06.25"]
[SourceVersion "1"]
[SourceVersionDate "2025.06.25"]
[SourceQuality "1"]

1. e4 c5 2. Nf3 a6 3. g3 Nc6 4. Bg2 d5 5. exd5 Qxd5 6. 0-0 Qd8 7. c3 Bg4 8. h3 Bh5 9. d4 e6 10. Re1 Nf6 11. g4 Bg6 12. g5 Nd5 13. c4 Nde7 14. d5 Nb4 15. Ne5 Nc2 16. Nxg6 Nxe1 17. Nxh8 Nxg2 18. Kxg2 Nf5 19. Nc3 Be7 20. Qh5 Nd6 21. Nxf7 Nxf7 22. dxe6 1-0

[Event "AUT-ch Blitz"]
[Site "Innsbruck"]
[Date "2025.06.21"]
[Round "4"]
[White "Platzgummer, Fabian"]
[Black "Froewis, Georg"]
[Result "0-1"]
[WhiteElo "2293"]
[BlackElo "2428"]
[PlyCount "106"]
[EventDate "2025.06.21"]
[EventType "swiss (blitz)"]
[EventRounds "11"]
[EventCountry "AUT"]
[SourceTitle "CB26_2025"]
[SourceDate "2025.06.25"]
[SourceVersion "1"]
[SourceVersionDate "2025.06.25"]
[SourceQuality "1"]

1. Nf3 d5 2. g3 Bg4 3. Bg2 Nd7 4. d4 e6 5. 0-0 Ngf6 6. Nbd2 c6 7. Re1 Be7 8. b3 0-0 9. Bb2 h6 10. h3 Bf5 11. Ne5 Nxe5 12. dxe5 Nd7 13. e4 Bg6 14. f4 Qb6+ 15. Kh1 Rad8 16. Qg4 dxe4 17. Bxe4 Nc5 18. Nc4 Nxe4 19. Qf3 Qf2 20. Qxf2 Nxf2+ 21. Kg2 Ne4 22. Re2 Nc5 23. g4 b5 24. Ne3 Rd7 25. f5 exf5 26. gxf5 Bh5 27. Rf2 Ne4 28. f6 Nxf2 29. fxe7 Rxe7 30. Kxf2 Rd8 31. Nf5 Re6 32. Ng3 Bg6 33. Ke3 f6 34. a4 a6 35. axb5 cxb5 36. Rc1 fxe5 37. h4 Rc8 38. c4 bxc4 39. bxc4 Rec6 40. h5 Bf7 41. Bxe5 Rxc4 42. Ra1 Re8 43. Ra5 Rg4 44. Kf3 Rg5 45. Kf4 Bxh5 46. Ne4 Rgxe5 47. Rxe5 Rxe5 48. Kxe5 Be2 49. Nc3 Bb5 50. Nd5 Kf7 51. Nf4 a5 52. Nd5 a4 53. Nc3 Be8 0-1

[Event "AUT-ch Blitz"]
[Site "Innsbruck"]
[Date "2025.06.21"]
[Round "9"]
[White "Platzgummer, Fabian"]
[Black "Schwabeneder, Florian"]
[Result "1/2-1/2"]
[WhiteElo "2293"]
[BlackElo "2423"]
[PlyCount "75"]
[EventDate "2025.06.21"]
[EventType "swiss (blitz)"]
[EventRounds "11"]
[EventCountry "AUT"]
[SourceTitle "CB26_2025"]
[SourceDate "2025.06.25"]
[SourceVersion "1"]
[SourceVersionDate "2025.06.25"]
[SourceQuality "1"]

1. Nf3 Nf6 2. g3 g6 3. b3 Bg7 4. Bb2 b6 5. c4 c5 6. Bg2 Bb7 7. 0-0 0-0 8. d3 d6 9. Nc3 Nbd7 10. e4 a6 11. Qe2 Ng4 12. Rad1 Nge5 13. Nxe5 Nxe5 14. h3 Nc6 15. Kh2 Nd4 16. Qd2 b5 17. Ne2 Nxe2 18. Qxe2 Bxb2 19. Qxb2 e6 20. d4 Qc7 21. d5 e5 22. f4 f6 23. Rf2 Rf7 24. h4 Re8 25. f5 gxf5 26. Rxf5 Bc8 27. Rf2 f5 28. exf5 Rxf5 29. Rxf5 Bxf5 30. Rf1 Rf8 31. Qe2 bxc4 32. Qxc4 Bc8 33. Be4 Rxf1 34. Qxf1 Kg7 35. Qc1 Qe7 36. Qe3 Qf6 37. Kg2 h6 38. Qe2 1/2-1/2

[Event "Rosenheim IM-A"]
[Site "Rosenheim"]
[Date "2025.05.27"]
[Round "3"]
[White "Platzgummer, Fabian"]
[Black "Mons, Leon"]
[Result "0-1"]
[WhiteElo "2295"]
[BlackElo "2472"]
[PlyCount "90"]
[EventDate "2025.05.25"]
[EventType "tourn"]
[EventRounds "9"]
[EventCountry "GER"]
[SourceTitle "CB23_2025"]
[SourceDate "2025.06.04"]
[SourceVersion "1"]
[SourceVersionDate "2025.06.04"]
[SourceQuality "1"]

1. Nf3 d5 2. g3 c5 3. Bg2 g6 4. 0-0 Bg7 5. c4 d4 6. e3 Nc6 7. exd4 cxd4 8. d3 Nf6 9. b4 Nxb4 10. Qa4+ Nc6 11. Ne5 Bd7 12. Nxc6 bxc6 13. Bxc6 0-0 14. Re1 Qc8 15. Bxd7 Nxd7 16. Qa5 Nc5 17. Qd2 Qf5 18. Rd1 e5 19. Ba3 e4 20. Bxc5 Qxc5 21. dxe4 Qxc4 22. Qd3 Qxd3 23. Rxd3 Rfc8 24. Nd2 Rc3 25. Rf3 Bh6 26. Rxc3 dxc3 27. Nf1 Rc8 28. Ne3 Bxe3 29. fxe3 Kg7 30. e5 Kh6 31. e4 Kg5 32. Kg2 c2 33. Rc1 h5 34. Kf3 Rc3+ 35. Ke2 Kg4 36. Kd2 Rc8 37. Ke3 Rc7 38. Kf2 Rc3 39. Kg2 h4 40. gxh4 Kxh4 41. Kf2 Kh3 42. Ke2 Kxh2 43. Kd2 Rc7 44. Ke3 Kg2 45. Ke2 g5 0-1

[Event "Rosenheim IM-A"]
[Site "Rosenheim"]
[Date "2025.05.25"]
[Round "1"]
[White "Platzgummer, Fabian"]
[Black "Oberhofer, Cedric"]
[Result "1/2-1/2"]
[WhiteElo "2295"]
[BlackElo "2274"]
[PlyCount "31"]
[EventDate "2025.05.25"]
[EventType "tourn"]
[EventRounds "9"]
[EventCountry "GER"]
[SourceTitle "CB23_2025"]
[SourceDate "2025.06.04"]
[SourceVersion "1"]
[SourceVersionDate "2025.06.04"]
[SourceQuality "1"]

1. Nf3 c5 2. c4 Nf6 3. Nc3 Nc6 4. e4 e6 5. Be2 d5 6. cxd5 exd5 7. exd5 Nxd5 8. d4 cxd4 9. Nxd4 Nxc3 10. bxc3 Nxd4 11. Qxd4 Qxd4 12. cxd4 Be6 13. Bb5+ Bd7 14. Bxd7+ Kxd7 15. Rb1 b6 16. Ke2 1/2-1/2

[Event "Titled Tuesday intern op 20th May Late"]
[Site "Chess.com INT"]
[Date "2025.05.20"]
[Round "7"]
[White "Drygalov, Andrey"]
[Black "Platzgummer, Fabian"]
[Result "1-0"]
[WhiteElo "2431"]
[BlackElo "2295"]
[PlyCount "109"]
[EventDate "2025.05.20"]
[EventType "swiss (blitz)"]
[EventRounds "11"]
[EventCountry "USA"]
[SourceTitle "CB22_2025"]
[SourceDate "2025.05.28"]
[SourceVersion "1"]
[SourceVersionDate "2025.05.28"]
[SourceQuality "1"]

1. e4 c6 2. Nf3 d5 3. d3 dxe4 4. dxe4 Qxd1+ 5. Kxd1 Bg4 6. Nbd2 Nd7 7. Be2 Bxf3 8. Bxf3 0-0-0 9. Ke2 e5 10. Nc4 f6 11. c3 Kc7 12. b4 Nb6 13. Nb2 Ne7 14. a4 Nec8 15. a5 Nd7 16. Be3 c5 17. Rac1 Ne7 18. b5 Nc8 19. Nc4 Nd6 20. Nxd6 Bxd6 21. Rhd1 Nf8 22. Bg4 Ng6 23. g3 h5 24. Bf5 Ne7 25. Be6 h4 26. Rd2 g5 27. Rcd1 b6 28. a6 Ng6 29. Kf3 hxg3 30. hxg3 Be7 31. Rd7+ Kb8 32. Rb7+ Ka8 33. Rxd8+ Rxd8 34. Bd5 Rxd5 35. exd5 f5 36. Bxg5 Bxg5 37. Rg7 e4+ 38. Ke2 Kb8 39. Rxg6 Be7 40. Rg7 Bd6 41. Rb7+ Ka8 42. Rd7 Bb8 43. Rf7 f4 44. gxf4 e3 45. Rf8 c4 46. Rxb8+ Kxb8 47. Kxe3 Kc7 48. Kd4 Kd6 49. f5 Ke7 50. Ke5 Kf7 51. d6 Ke8 52. f6 Kd8 53. f7 Kd7 54. Kd5 Kd8 55. f8Q+ 1-0

[Event "Titled Tuesday intern op 20th May Late"]
[Site "Chess.com INT"]
[Date "2025.05.20"]
[Round "2"]
[White "Platzgummer, Fabian"]
[Black "Ibarra Jerez, Jose Carlos"]
[Result "1/2-1/2"]
[WhiteElo "2295"]
[BlackElo "2545"]
[PlyCount "230"]
[EventDate "2025.05.20"]
[EventType "swiss (blitz)"]
[EventRounds "11"]
[EventCountry "USA"]
[SourceTitle "CB22_2025"]
[SourceDate "2025.05.28"]
[SourceVersion "1"]
[SourceVersionDate "2025.05.28"]
[SourceQuality "1"]

1. Nf3 d5 2. g3 g6 3. Bg2 Bg7 4. 0-0 e5 5. d3 Nc6 6. c4 dxc4 7. dxc4 Qxd1 8. Rxd1 Bg4 9. Nc3 Nge7 10. h3 Be6 11. Nd5 Rc8 12. Ng5 Bd7 13. Ne4 Nxd5 14. cxd5 Nd4 15. e3 Ne2+ 16. Kh2 Nxc1 17. Raxc1 b6 18. Rc2 f5 19. Ng5 Ke7 20. Rdc1 h6 21. Nf3 Kd8 22. e4 Rf8 23. Nd2 f4 24. Bf3 h5 25. Kg2 fxg3 26. fxg3 Bh6 27. Rd1 Bxd2 28. Rcxd2 Bxh3+ 29. Kxh3 Rxf3 30. d6 c6 31. d7 Rc7 32. Rd6 Rf7 33. Rxg6 Rfxd7 34. Rg8+ Ke7 35. Rg7+ Ke6 36. Rg6+ Kf7 37. Rxc6 Rxd1 38. Rxc7+ Kf6 39. Rxa7 Rd2 40. b3 Re2 41. Rb7 Rxa2 42. Rxb6+ Kf7 43. Rb5 Kf6 44. Rb6+ Kf7 45. Rh6 Re2 46. Rxh5 Rxe4 47. Rh7+ Ke6 48. Rb7 Re1 49. b4 e4 50. b5 e3 51. Kg2 Rb1 52. Kf3 Rb3 53. Rb8 Kd7 54. Ke2 Rb4 55. Rg8 Kc7 56. Kxe3 Rxb5 57. g4 Kd7 58. Rf8 Ke7 59. Rf1 Rb8 60. Rf4 Rg8 61. Kf3 Ke6 62. Kg3 Ke5 63. Rf5+ Ke6 64. Rf1 Ke5 65. g5 Rxg5+ 66. Kh4 Rg8 67. Re1+ Kf4 68. Rf1+ Ke4 69. Re1+ Kf3 70. Rf1+ Ke4 71. Re1+ Kf5 72. Rf1+ Ke5 73. Re1+ Kd4 74. Rd1+ Ke3 75. Re1+ Kf2 76. Re7 Kf3 77. Kh5 Rg1 78. Kh6 Kf4 79. Kh7 Kf5 80. Rf7+ Ke6 81. Rg7 Rh1+ 82. Kg8 Kf6 83. Rf7+ Ke6 84. Ra7 Rb1 85. Ra6+ Kf5 86. Ra5+ Kg6 87. Ra6+ Kg5 88. Ra5+ Kf6 89. Ra6+ Kf5 90. Ra2 Rf1 91. Rb2 Rf4 92. Rb7 Rg4+ 93. Kf7 Re4 94. Rb5+ Kf4 95. Kf6 Rc4 96. Rh5 Rc6+ 97. Ke7 Kg3 98. Rg5+ Kf4 99. Rg1 Rc3 100. Kd6 Rg3 101. Rf1+ Ke4 102. Re1+ Kd4 103. Ra1 Rg6+ 104. Ke7 Rg3 105. Ra4+ Kd5 106. Ra5+ Kc6 107. Kf6 Kb6 108. Ra1 Rg2 109. Ke5 Rb2 110. Kd4 Rb5 111. Kc4 Ra5 112. Rb1+ Kc6 113. Rh1 Ra4+ 114. Kb3 Re4 115. Rh6+ Kb5 1/2-1/2

[Event "Titled Tuesday intern op 20th May Late"]
[Site "Chess.com INT"]
[Date "2025.05.20"]
[Round "10"]
[White "Platzgummer, Fabian"]
[Black "Yanev, Tihomir"]
[Result "1-0"]
[WhiteElo "2295"]
[BlackElo "2354"]
[PlyCount "121"]
[EventDate "2025.05.20"]
[EventType "swiss (blitz)"]
[EventRounds "11"]
[EventCountry "USA"]
[SourceTitle "CB22_2025"]
[SourceDate "2025.05.28"]
[SourceVersion "1"]
[SourceVersionDate "2025.05.28"]
[SourceQuality "1"]

1. Nf3 d6 2. d4 Nf6 3. Nc3 g6 4. e4 Bg7 5. h3 0-0 6. a4 c6 7. a5 Nbd7 8. Be2 e5 9. Be3 Re8 10. dxe5 dxe5 11. 0-0 Qe7 12. Qd2 Nc5 13. Bd3 Bd7 14. Rab1 Rad8 15. b4 Nxd3 16. cxd3 a6 17. Qc2 Nh5 18. Bb6 Rc8 19. Bc5 Qd8 20. Bb6 Qe7 21. Bc5 Qe6 22. Na4 Nf4 23. Nb6 Rcd8 24. Nc4 Nxg2 25. Kxg2 Qxh3+ 26. Kg1 Qxf3 27. Qd1 Qh3 28. Qe2 f5 29. f3 fxe4 30. dxe4 Be6 31. Nd6 Rf8 32. Nxb7 Qg3+ 33. Qg2 Qxg2+ 34. Kxg2 Rd2+ 35. Rf2 Rxf2+ 36. Kxf2 Rb8 37. Nd6 Bf8 38. Rd1 Rd8 39. Ke3 Bb3 40. Rd3 Bxd6 41. Bxd6 Bc4 42. Rd2 Kf7 43. Bxe5 Rxd2 44. Kxd2 h5 45. Ke3 g5 46. Bc7 h4 47. Bd8 Kg6 48. f4 h3 49. f5+ Kh5 50. Bc7 g4 51. Bf4 Kh4 52. Kf2 Bd3 53. Bg3+ Kh5 54. Ke3 Bc2 55. Kf4 Bb1 56. e5 Ba2 57. e6 Bd5 58. Ke5 Kg5 59. f6 Kg6 60. f7 Kg7 61. Kd6 1-0

[Event "Titled Tuesday intern op 25th Mar Early"]
[Site "Chess.com INT"]
[Date "2025.03.25"]
[Round "9"]
[White "Bok, Benjamin"]
[Black "Platzgummer, Fabian"]
[Result "1-0"]
[WhiteElo "2592"]
[BlackElo "2291"]
[PlyCount "53"]
[EventDate "2025.03.25"]
[EventType "swiss (blitz)"]
[EventRounds "11"]
[EventCountry "USA"]
[SourceTitle "CB14_2025"]
[SourceDate "2024.11.01"]
[SourceVersion "1"]
[SourceVersionDate "2024.11.01"]
[SourceQuality "1"]

1. d4 d5 2. c4 dxc4 3. Nf3 Nf6 4. e3 Be6 5. Na3 c5 6. Nxc4 Nc6 7. Nce5 Bd5 8. Nxc6 bxc6 9. Be2 cxd4 10. Qxd4 e6 11. 0-0 Qb6 12. b3 Qxd4 13. Nxd4 e5 14. Nf3 Nd7 15. Bb2 f6 16. Rfd1 Nb6 17. Rac1 Be7 18. Nd2 e4 19. Bg4 Kf7 20. Bf5 Rhd8 21. Bxe4 g6 22. Kf1 f5 23. Bxd5+ cxd5 24. Nf3 Bf6 25. Rc7+ Be7 26. Ba3 Re8 27. Ng5+ 1-0

[Event "Titled Tuesday intern op 18th Mar Late"]
[Site "Chess.com INT"]
[Date "2025.03.18"]
[Round "7"]
[White "Fishbein, Alexander"]
[Black "Platzgummer, Fabian"]
[Result "1-0"]
[WhiteElo "2376"]
[BlackElo "2291"]
[PlyCount "61"]
[EventDate "2025.03.18"]
[EventType "swiss (blitz)"]
[EventRounds "11"]
[EventCountry "USA"]
[SourceTitle "CB13_2025"]
[SourceDate "2025.03.26"]
[SourceVersion "1"]
[SourceVersionDate "2025.03.26"]
[SourceQuality "1"]

1. e4 c5 2. Nf3 a6 3. c3 d5 4. d3 dxe4 5. dxe4 Qxd1+ 6. Kxd1 Bg4 7. Be3 e6 8. Nbd2 Nc6 9. a4 0-0-0 10. Kc2 Bxf3 11. Nxf3 Nf6 12. Bg5 h6 13. Bxf6 gxf6 14. Be2 Ne5 15. Nd2 Ng6 16. g3 Kc7 17. Rhd1 Be7 18. f4 h5 19. h4 Rdg8 20. Nc4 Nf8 21. Rd3 b5 22. axb5 axb5 23. Ra7+ Kc6 24. Na5+ Kb6 25. Rxe7 Kxa5 26. b4+ cxb4 27. cxb4+ Kxb4 28. Rc7 Ka5 29. Rb3 b4 30. Rc6 Nd7 31. Ra6# 1-0

[Event "Titled Tuesday intern op 18th Mar Late"]
[Site "Chess.com INT"]
[Date "2025.03.18"]
[Round "1"]
[White "Platzgummer, Fabian"]
[Black "Bok, Benjamin"]
[Result "0-1"]
[WhiteElo "2291"]
[BlackElo "2592"]
[PlyCount "62"]
[EventDate "2025.03.18"]
[EventType "swiss (blitz)"]
[EventRounds "11"]
[EventCountry "USA"]
[SourceTitle "CB13_2025"]
[SourceDate "2025.03.26"]
[SourceVersion "1"]
[SourceVersionDate "2025.03.26"]
[SourceQuality "1"]

1. Nf3 d5 2. g3 c6 3. Bg2 Bg4 4. 0-0 Nd7 5. d4 e6 6. Nbd2 Ngf6 7. h3 Bh5 8. Re1 Be7 9. e4 h6 10. c3 0-0 11. e5 Nh7 12. Nf1 c5 13. g4 Bg6 14. Ng3 Rc8 15. Be3 cxd4 16. cxd4 Qb6 17. Qb3 Ng5 18. Qxb6 Nxb6 19. Nxg5 Bxg5 20. Bxg5 hxg5 21. Rac1 Na4 22. b3 Nc3 23. a4 Na2 24. Ra1 Nb4 25. Bf1 Nc2 26. a5 Nxe1 27. Rxe1 Rc3 28. b4 Rfc8 29. b5 Rc1 30. Re3 R8c3 31. b6 axb6 0-1

[Event "Titled Tuesday intern op 18th Mar Late"]
[Site "Chess.com INT"]
[Date "2025.03.18"]
[Round "5"]
[White "Platzgummer, Fabian"]
[Black "Gustafsson, Jan"]
[Result "0-1"]
[WhiteElo "2291"]
[BlackElo "2602"]
[PlyCount "102"]
[EventDate "2025.03.18"]
[EventType "swiss (blitz)"]
[EventRounds "11"]
[EventCountry "USA"]
[SourceTitle "CB13_2025"]
[SourceDate "2025.03.26"]
[SourceVersion "1"]
[SourceVersionDate "2025.03.26"]
[SourceQuality "1"]

1. Nf3 d5 2. g3 Nf6 3. Bg2 e6 4. 0-0 Be7 5. d4 0-0 6. c4 dxc4 7. Qc2 a6 8. a4 Bd7 9. Rd1 Bc6 10. Qxc4 Bd5 11. Qc2 Be4 12. Qb3 Bd5 13. Qc2 Be4 14. Qb3 Nbd7 15. Nc3 Bc6 16. Qc2 b5 17. Ne5 Bxg2 18. Kxg2 Qc8 19. Nc6 Qb7 20. d5 Bd6 21. e4 exd5 22. Nxd5 Nxd5 23. exd5 Rfe8 24. Be3 Ne5 25. Nxe5 Bxe5 26. Qb3 h6 27. Rac1 Rad8 28. Rc6 Rd6 29. axb5 axb5 30. Rdc1 Rxc6 31. dxc6 Qa6 32. Rc5 b4 33. Qxb4 Bd6 34. Qc4 Qa8 35. Rd5 Re6 36. b4 Bxb4 37. Qxb4 Qxc6 38. Qb8+ Kh7 39. Qb1+ Kg8 40. Qb8+ Kh7 41. Qb1+ g6 42. Qd3 Rd6 43. h4 Qxd5+ 44. Qxd5 Rxd5 45. Bf4 c5 46. f3 c4 47. Kf2 Rd3 48. Ke2 f6 49. g4 g5 50. hxg5 hxg5 51. Be5 fxe5 0-1

[Event "Lienz op 22nd"]
[Site "Lienz"]
[Date "2025.02.14"]
[Round "8"]
[White "Mierins, Emils Janis"]
[Black "Platzgummer, Fabian"]
[Result "1/2-1/2"]
[WhiteElo "2229"]
[BlackElo "2303"]
[PlyCount "30"]
[EventDate "2025.02.08"]
[EventType "swiss"]
[EventRounds "9"]
[EventCountry "AUT"]
[SourceTitle "CB08_2025"]
[SourceDate "2025.02.19"]
[SourceVersion "1"]
[SourceVersionDate "2025.02.19"]
[SourceQuality "1"]

1. e4 c5 2. Nf3 Nc6 3. d4 cxd4 4. Nxd4 Nf6 5. Nc3 e5 6. Ndb5 d6 7. Bg5 a6 8. Na3 b5 9. Nd5 Be7 10. Bxf6 Bxf6 11. Nb1 Rb8 12. a4 0-0 13. axb5 axb5 14. Na3 b4 15. Nb5 Nd4 1/2-1/2

[Event "Lienz op 22nd"]
[Site "Lienz"]
[Date "2025.02.09"]
[Round "3"]
[White "Platzgummer, Fabian"]
[Black "Sholpanbek, Zhansaya"]
[Result "1/2-1/2"]
[WhiteElo "2303"]
[BlackElo "1868"]
[PlyCount "72"]
[EventDate "2025.02.08"]
[EventType "swiss"]
[EventRounds "9"]
[EventCountry "AUT"]
[SourceTitle "CB08_2025"]
[SourceDate "2025.02.19"]
[SourceVersion "1"]
[SourceVersionDate "2025.02.19"]
[SourceQuality "1"]

1. Nf3 Nf6 2. g3 g6 3. Bg2 Bg7 4. 0-0 0-0 5. d4 d6 6. a4 Nbd7 7. a5 a6 8. Nc3 e5 9. dxe5 dxe5 10. Nd2 Nc5 11. Nc4 Qd4 12. Qxd4 exd4 13. Na4 Nfd7 14. Bf4 Ne6 15. Bd2 Ne5 16. Nxe5 Bxe5 17. Bb4 Rd8 18. Nc5 Nxc5 19. Bxc5 Rb8 20. Ba7 Ra8 21. Bc5 Rb8 22. Rfd1 Bf5 23. Rd2 b6 24. Be7 Re8 25. Ba3 bxa5 26. Bc6 Rec8 27. Rad1 Rb6 28. Bd5 c5 29. b3 Be6 30. Be4 f5 31. Bf3 f4 32. gxf4 Bxf4 33. e3 Bg5 34. exd4 cxd4 35. Re2 Bf5 36. Rxd4 Rxc2 1/2-1/2

[Event "AUT-chT 2425"]
[Site "Austria"]
[Date "2024.10.13"]
[Round "5.5"]
[White "Platzgummer, Fabian"]
[Black "Krebs, Johann"]
[Result "1/2-1/2"]
[WhiteElo "2301"]
[BlackElo "2217"]
[PlyCount "70"]
[EventDate "2024.10.09"]
[EventType "team-tourn"]
[EventRounds "11"]
[EventCountry "AUT"]
[SourceTitle "CB42_2024"]
[Source "ChessBase"]
[SourceDate "2024.10.16"]
[SourceVersion "1"]
[SourceVersionDate "2024.10.16"]
[SourceQuality "1"]
[WhiteTeam "Mayrhofen/Zell/Zillertal"]
[BlackTeam "Frauental"]
[WhiteTeamCountry "AUT"]
[BlackTeamCountry "AUT"]

1. Nf3 Nf6 2. g3 g6 3. b3 Bg7 4. Bb2 0-0 5. Bg2 d6 6. d4 e5 7. dxe5 Nfd7 8. 0-0 dxe5 9. e4 Nc6 10. Qd2 Nc5 11. Nc3 Bg4 12. Ba3 Bxf3 13. Qxd8 Rfxd8 14. Bxf3 Ne6 15. Nd5 Ncd4 16. Bd1 c6 17. Ne3 Bf8 18. Bb2 f6 19. c3 Nb5 20. b4 Ng5 21. f3 a5 22. h4 Nf7 23. a4 Nxc3 24. Bxc3 Rd3 25. Be1 Rxe3 26. bxa5 Bc5 27. Kg2 Rd8 28. Rc1 Ba3 29. Ra1 Kg7 30. Rb1 Rd7 31. Kf2 Bc5 32. Kg2 Nd8 33. Kh3 Ra3 34. Bb3 Rd3 35. Bd1 Rd7 1/2-1/2

[Event "AUT-chT 2425"]
[Site "Austria"]
[Date "2024.10.12"]
[Round "4.5"]
[White "Perunovic, Milos"]
[Black "Platzgummer, Fabian"]
[Result "1/2-1/2"]
[WhiteElo "2525"]
[BlackElo "2301"]
[PlyCount "60"]
[EventDate "2024.10.09"]
[EventType "team-tourn"]
[EventRounds "11"]
[EventCountry "AUT"]
[SourceTitle "CB42_2024"]
[Source "ChessBase"]
[SourceDate "2024.10.16"]
[SourceVersion "1"]
[SourceVersionDate "2024.10.16"]
[SourceQuality "1"]
[WhiteTeam "Pinggau Friedberg"]
[BlackTeam "Mayrhofen/Zell/Zillertal"]
[WhiteTeamCountry "AUT"]
[BlackTeamCountry "AUT"]

1. e4 c5 2. Nf3 Nc6 3. d4 cxd4 4. Nxd4 Nf6 5. Nc3 e5 6. Ndb5 d6 7. Bg5 a6 8. Na3 b5 9. Bxf6 gxf6 10. Nd5 Bg7 11. c3 f5 12. exf5 Bxf5 13. Nc2 Ne7 14. Nxe7 Bxc2 15. Qxc2 Qxe7 16. Rd1 0-0 17. Qf5 e4 18. Be2 Qe5 19. Qxe5 Bxe5 20. 0-0 f5 21. f4 exf3 22. Rxf3 Kg7 23. g3 f4 24. Rdf1 fxg3 25. hxg3 Rxf3 26. Rxf3 Rf8 27. Rxf8 Kxf8 28. Kg2 Ke7 29. Kf3 d5 30. Bd3 h6 1/2-1/2

[Event "AUT-chT 2425"]
[Site "Austria"]
[Date "2024.10.10"]
[Round "2.5"]
[White "Gschnitzer, Adrian"]
[Black "Platzgummer, Fabian"]
[Result "1/2-1/2"]
[WhiteElo "2449"]
[BlackElo "2301"]
[PlyCount "116"]
[EventDate "2024.10.09"]
[EventType "team-tourn"]
[EventRounds "11"]
[EventCountry "AUT"]
[SourceTitle "CB42_2024"]
[Source "ChessBase"]
[SourceDate "2024.10.16"]
[SourceVersion "1"]
[SourceVersionDate "2024.10.16"]
[SourceQuality "1"]
[WhiteTeam "Fuerstenfeld/Hartberg"]
[BlackTeam "Mayrhofen/Zell/Zillertal"]
[WhiteTeamCountry "AUT"]
[BlackTeamCountry "AUT"]

1. d4 Nf6 2. c4 e6 3. Nc3 Bb4 4. a3 Bxc3+ 5. bxc3 Nc6 6. f3 b6 7. e4 d6 8. Bg5 h6 9. Bh4 g5 10. Bf2 Nh5 11. h4 Qf6 12. g3 Qg7 13. hxg5 hxg5 14. f4 g4 15. e5 Bb7 16. Rh4 f5 17. d5 Na5 18. Qa4+ Qd7 19. Qxd7+ Kxd7 20. 0-0-0 dxe5 21. fxe5 Ng7 22. dxe6+ Kxe6 23. Ne2 Rxh4 24. Nf4+ Ke7 25. gxh4 Bf3 26. Re1 Ne6 27. Nd5+ Kf7 28. Bd3 c6 29. Nf6 f4 30. h5 g3 31. Bg1 Rd8 32. Bg6+ Ke7 33. h6 Bg2 34. h7 Rh8 35. Rd1 Nf8 36. Bf5 Nxc4 37. Ng8+ Ke8 38. e6 Rxh7 39. Bxh7 Nxe6 40. Be4 Bxe4 41. Nf6+ Kf7 42. Nxe4 Kg6 43. Nd6 Nxa3 44. Kd2 Nb5 45. Nxb5 cxb5 46. Ra1 Ng5 47. Bd4 Kf5 48. Rxa7 Ke4 49. Bxb6 Kf3 50. Rg7 Ne4+ 51. Kd3 Nf2+ 52. Kd4 g2 53. Kc5 Nd1 54. Kb4 Ne3 55. Kxb5 Kf2 56. c4 g1Q 57. Rxg1 Kxg1 58. c5 Nd5 1/2-1/2

[Event "Innsbruck op"]
[Site "Innsbruck"]
[Date "2024.08.24"]
[Round "1"]
[White "Platzgummer, Fabian"]
[Black "Kobold, Jonathan"]
[Result "1-0"]
[WhiteElo "2304"]
[BlackElo "1954"]
[PlyCount "66"]
[EventDate "2024.08.24"]
[EventType "swiss"]
[EventRounds "9"]
[EventCountry "AUT"]
[SourceTitle "CBM 221 Extra"]
[Source "ChessBase"]
[SourceDate "2024.09.30"]
[SourceVersion "1"]
[SourceVersionDate "2024.09.30"]
[SourceQuality "1"]

1. Nf3 d5 2. d4 Nf6 3. c4 e6 4. g3 Be7 5. Bg2 0-0 6. 0-0 dxc4 7. Qc2 b5 8. a4 c6 9. axb5 cxb5 10. Ng5 h6 11. Bxa8 hxg5 12. Bxg5 Qb6 13. Rd1 a5 14. Nc3 Na6 15. Bf3 Nb4 16. Qb1 Ba6 17. Ne4 a4 18. Nxf6+ gxf6 19. Be3 Nd5 20. Bh6 Rc8 21. e4 Nb4 22. Be3 Bb7 23. d5 Bc5 24. Bxc5 Qxc5 25. dxe6 fxe6 26. e5 Nd3 27. Rxd3 cxd3 28. Bxb7 Rc7 29. Bf3 d2 30. Qg6+ Rg7 31. Qe8+ Kh7 32. Qh5+ Kg8 33. Rd1 Rd7 1-0

[Event "Rosenheim IM"]
[Site "Rosenheim"]
[Date "2024.08.18"]
[Round "9"]
[White "Platzgummer, Fabian"]
[Black "Georgescu, Lena"]
[Result "1/2-1/2"]
[WhiteElo "2304"]
[BlackElo "2209"]
[PlyCount "82"]
[EventDate "2024.08.12"]
[EventType "tourn"]
[EventRounds "9"]
[EventCountry "GER"]
[EventCategory "3"]
[SourceTitle "CBM 221 Extra"]
[Source "ChessBase"]
[SourceDate "2024.09.30"]
[SourceVersion "1"]
[SourceVersionDate "2024.09.30"]
[SourceQuality "1"]

1. Nf3 d5 2. g3 b6 3. Bg2 Bb7 4. d4 e6 5. 0-0 Nd7 6. Ne5 Nxe5 7. dxe5 Ne7 8. c4 Qd7 9. Nc3 0-0-0 10. cxd5 Nxd5 11. Ne4 f5 12. exf6 gxf6 13. Qb3 f5 14. Nc3 Nxc3 15. Qxc3 Bg7 16. Qa3 Bxg2 17. Kxg2 Qc6+ 18. Kg1 Rd5 19. Be3 Qd6 20. Qb3 Rd8 21. a4 a5 22. Rac1 Kb7 23. Qc2 Rd7 24. b3 Bd4 25. Bxd4 Rxd4 26. Qc3 Qd5 27. Qe3 f4 28. Qc3 e5 29. Rc2 e4 30. f3 fxg3 31. hxg3 Ka7 32. Qe3 Qe5 33. f4 Qd5 34. Rfc1 c5 35. Kg2 h5 36. Rc3 Rg7 37. Rh1 Rg4 38. Kf2 Qf7 39. Rc4 Qd5 40. Rc3 Ka6 41. Rh2 Qf7 1/2-1/2